<?xml version="1.0" encoding="UTF-8"?>
<marc:record xmlns:marc="http://www.loc.gov/MARC21/slim">
   <marc:leader>00000nam a2200000 a 4500</marc:leader>
   <marc:datafield ind1="1" ind2=" " tag="100">
      <marc:subfield code="a">Diederichsen, Diedrich</marc:subfield>
      <marc:subfield code="4">aut</marc:subfield>
      <marc:subfield code="e">Verfasser/-in</marc:subfield>
   </marc:datafield>
   <marc:datafield ind1=" " ind2=" " tag="653">
      <marc:subfield code="a">Künste</marc:subfield>
   </marc:datafield>
   <marc:datafield ind1=" " ind2=" " tag="653">
      <marc:subfield code="a">Massenkultur</marc:subfield>
   </marc:datafield>
   <marc:datafield ind1=" " ind2=" " tag="653">
      <marc:subfield code="a">Ästhetik</marc:subfield>
   </marc:datafield>
   <marc:datafield ind1=" " ind2=" " tag="653">
      <marc:subfield code="a">Aufzeichnung</marc:subfield>
   </marc:datafield>
   <marc:datafield ind1=" " ind2=" " tag="653">
      <marc:subfield code="a">Filmkunst</marc:subfield>
   </marc:datafield>
   <marc:datafield ind1=" " ind2=" " tag="653">
      <marc:subfield code="a">Popmusik</marc:subfield>
   </marc:datafield>
   <marc:datafield ind1=" " ind2=" " tag="653">
      <marc:subfield code="a">Videokunst</marc:subfield>
   </marc:datafield>
   <marc:datafield ind1=" " ind2=" " tag="653">
      <marc:subfield code="a">Softcover / Philosophie/20.</marc:subfield>
   </marc:datafield>
   <marc:datafield ind1=" " ind2=" " tag="653">
      <marc:subfield code="a">21. Jahrhundert</marc:subfield>
   </marc:datafield>
   <marc:datafield ind1="0" ind2="0" tag="245">
      <marc:subfield code="a">Körpertreffer</marc:subfield>
   </marc:datafield>
   <marc:datafield ind1="0" ind2="0" tag="245">
      <marc:subfield code="b">zur Ästhetik der nachpopulären Künste</marc:subfield>
   </marc:datafield>
   <marc:datafield ind1="0" ind2="0" tag="245">
      <marc:subfield code="c">Diedrich Diederichsen</marc:subfield>
   </marc:datafield>
   <marc:datafield ind1=" " ind2="1" tag="264">
      <marc:subfield code="a">Berlin</marc:subfield>
      <marc:subfield code="b">Suhrkamp</marc:subfield>
      <marc:subfield code="c">2017</marc:subfield>
   </marc:datafield>
   <marc:datafield ind1="1" ind2=" " tag="490">
      <marc:subfield code="a">Frankfurter Adorno-Vorlesungen</marc:subfield>
      <marc:subfield code="v">2015</marc:subfield>
   </marc:datafield>
   <marc:datafield ind1=" " ind2=" " tag="250">
      <marc:subfield code="a">Erste Auflage</marc:subfield>
   </marc:datafield>
   <marc:datafield ind1="1" ind2=" " tag="520">
      <marc:subfield code="a">Angaben aus der Verlagsmeldung

Körpertreffer : Zur Ästhetik der nachpopulären Künste / von Diedrich Diederichsen

Erst seit den 1960er Jahren widmen sich die Künste gezielt der technischen Klang- und Bildaufzeichnung. Wo vorher nur Slapstick und Surrealismus war, schießen nun Genres in großer Zahl aus dem Boden. Als behäbig erweist sich dabei eine Kulturkritik, die immer noch versucht, die Filme der Nouvelle Vague, das Cinéma Vérité, Punk, HipHop, Heavy Metal und Minimalismus, Fluxus, Performance Art, Pop Art, Nouveau Réalisme, Arte Povera, Soul-Musik und Concept Art entlang der Unterscheidung von E und U zu sortieren – als entweder hohe oder populäre Künste.
In seinen Adorno-Vorlesungen zeigt Diedrich Diederichsen, dass ihr Gemeinsames viel entscheidender ist: das Bemühen, den verstörenden Effekt der Aufzeichnung und Wiedergabe von Körpern, Stimmen und anderen Realweltsplittern einzuarbeiten, zu verstärken, umzuleiten, der Kunst anzupassen oder die Kunst um den – sei es aggressiven oder zärtlichen – Effekt herum zu entwickeln. Im Lichte dieser Effekte von Phonographie und Photographie müssen alte Unterscheidungen über Bord geworfen und auch die Folgen von Kunst neu gedacht werden – egal, ob man Kinder schützen oder Erwachsene politisieren will.
</marc:subfield>
   </marc:datafield>
   <marc:datafield ind1=" " ind2=" " tag="020">
      <marc:subfield code="a">9783518586938</marc:subfield>
      <marc:subfield code="9">9783518586938</marc:subfield>
   </marc:datafield>
   <marc:datafield ind1=" " ind2=" " tag="020">
      <marc:subfield code="a">3518586939</marc:subfield>
      <marc:subfield code="9">3518586939</marc:subfield>
   </marc:datafield>
   <marc:datafield ind1=" " ind2=" " tag="041">
      <marc:subfield code="a">ger</marc:subfield>
   </marc:datafield>
   <marc:datafield ind1=" " ind2=" " tag="300">
      <marc:subfield code="a">147 Seiten</marc:subfield>
   </marc:datafield>
</marc:record>
